<?xml version="1.0" encoding="UTF-8"?>
<marc:record xmlns:marc="http://www.loc.gov/MARC21/slim">
   <marc:leader>00000nam a2200000 a 4500</marc:leader>
   <marc:datafield ind1="1" ind2=" " tag="100">
      <marc:subfield code="a">Jessen, Julia</marc:subfield>
      <marc:subfield code="4">aut</marc:subfield>
      <marc:subfield code="e">Verfasser/-in</marc:subfield>
   </marc:datafield>
   <marc:datafield ind1=" " ind2=" " tag="653">
      <marc:subfield code="a">Ehe</marc:subfield>
   </marc:datafield>
   <marc:datafield ind1=" " ind2=" " tag="653">
      <marc:subfield code="a">Partnerprobleme</marc:subfield>
   </marc:datafield>
   <marc:datafield ind1=" " ind2=" " tag="653">
      <marc:subfield code="a">Eheprobleme</marc:subfield>
   </marc:datafield>
   <marc:datafield ind1=" " ind2=" " tag="653">
      <marc:subfield code="a">Ehebruch</marc:subfield>
   </marc:datafield>
   <marc:datafield ind1=" " ind2=" " tag="653">
      <marc:subfield code="a">Autor &lt;Deutschland&gt;</marc:subfield>
   </marc:datafield>
   <marc:datafield ind1="0" ind2="0" tag="245">
      <marc:subfield code="a">Die Architektur des Knotens</marc:subfield>
   </marc:datafield>
   <marc:datafield ind1="0" ind2="0" tag="245">
      <marc:subfield code="b">Roman</marc:subfield>
   </marc:datafield>
   <marc:datafield ind1=" " ind2="1" tag="264">
      <marc:subfield code="b">Verlag Antje Kunstmann</marc:subfield>
      <marc:subfield code="c">2018</marc:subfield>
   </marc:datafield>
   <marc:datafield ind1="1" ind2=" " tag="520">
      <marc:subfield code="a">Yvonne und Jonas sind ein gutes Paar. Sie kümmern sich liebevoll um ihre Kinder, sie haben einen großen Freundeskreis, sie verstehen sich, beide sind berufstätig, teilen sich die Aufgaben. Warum Yvonne immer mehr das lähmende Gefühl hat, nur noch zu funktionieren, ist ihr selbst rätselhaft. Nur die Gewissheit, dass es so nicht weitergehen kann, die wird immer stärker. Nach einem Fest geht sie mit einem der jüngeren Gäste noch in eine Bar. Und schläft mit ihm. Aber warum musste sie es ihrem Mann erzählen? Warum dann ihre Familie verlassen? Warum etwas zerstören, was sie perfekt aufgebaut hat? Um dem wunschlosen Unglück, der stillen Zerstörung zuvorzukommen, die man oft erst bemerkt, wenn es zu spät ist? Julia Jessen erzählt schmerzhaft genau von Konflikten, in denen viele sich wiederfinden, auch wenn sich nur wenige so radikal damit konfrontieren. Und sie erzählt davon, wie eine Familie wieder zusammenfindet, auch wenn es nicht mehr so ist, wie es mal war.</marc:subfield>
   </marc:datafield>
   <marc:datafield ind1=" " ind2=" " tag="020">
      <marc:subfield code="a">9783956142291</marc:subfield>
      <marc:subfield code="9">9783956142291</marc:subfield>
   </marc:datafield>
</marc:record>
